000 00486nam a2200181Ia 4500
005 20250923144502.0
008 008 250917s9999 xx 000 0 eng d
037 _aTextual
040 _aDSWL
_beng
_cDSWL
041 _aeng
_2eng
084 _qDSWL
100 _aDhanda, A
_9825383
245 0 _aStudy of Kasturba Niketan women's colony
_cby A Dhanda
260 _aDelhi
_bLajpat Nagar
_c1954
300 _aii,54p.
942 _cTEXL
999 _c1439491
_d1439491